| Record ID | ia:prenticehalllite0000unse_r4r2 |
| Source | Internet Archive |
| Download MARC XML | https://archive.org/download/prenticehalllite0000unse_r4r2/prenticehalllite0000unse_r4r2_marc.xml |
| Download MARC binary | https://www.archive.org/download/prenticehalllite0000unse_r4r2/prenticehalllite0000unse_r4r2_meta.mrc |
LEADER: 02087cam 2200469Ia 4500
001 ocm63273332
003 OCoLC
005 20220620095648.0
008 060203s2007 njuac 001 0 eng d
040 $aIAD$beng$cIAD$dOCLCA$dOCLCF$dOCLCQ$dOCLCO
020 $a013165246X
020 $a9780131652460
035 $a(OCoLC)63273332
050 4 $aPE1121$bP74 2007x
245 00 $aPrentice Hall literature.$nGrade 8.$pIllinois /$c[contributing authors, Kevin Feldman [and others]].
246 30 $aLiterature.$pIllinois
250 $aPenguin ed.
260 $aUpper Saddle River, N.J. ;$aBoston, Mass. :$bPearson Prentice Hall,$c©2007.
300 $aIL45, 1059, R66 pages :$bcolor illustrations ;$c27 cm
336 $atext$btxt$2rdacontent
337 $aunmediated$bn$2rdamedia
338 $avolume$bnc$2rdacarrier
500 $a"Advance copy for review purposes only"--Cover sticker.
521 $aGrade 8.
505 0 $aUnit 1. Fiction and nonfiction -- unit 2. Short stories -- unit 3. Types of nonfiction : expository, reflective, and persuasive -- unit 4. Poetry -- unit 5. Drama -- unit 6. Themes in oral tradition.
650 0 $aLiterature$xStudy and teaching (Elementary)
650 0 $aLiterature$xStudy and teaching (Secondary)
650 0 $aReaders (Elementary)
650 0 $aReaders (Secondary)
650 6 $aLittérature$xÉtude et enseignement (Primaire)
650 6 $aLittérature$xÉtude et enseignement (Secondaire)
650 6 $aAnglais (Langue)$vLectures et morceaux choisis (Enseignement primaire)
650 6 $aAnglais (Langue)$vLectures et morceaux choisis (Enseignement secondaire)
650 7 $aLiterature$xStudy and teaching (Elementary)$2fast$0(OCoLC)fst01000033
650 7 $aLiterature$xStudy and teaching (Secondary)$2fast$0(OCoLC)fst01000042
650 7 $aReaders (Elementary)$2fast$0(OCoLC)fst01090601
650 7 $aReaders (Secondary)$2fast$0(OCoLC)fst01090611
700 1 $aFeldman, Kevin.
710 2 $aPearson Education, Inc.
710 2 $aPrentice-Hall, Inc.
994 $aZ0$bIME
948 $hNO HOLDINGS IN IME - 4 OTHER HOLDINGS